Gesammelte Schriften 2. Band

Bibliographic Details
Main Author: Buch, Leopold von, 1774-1853 (Author)
Other Authors: Fritscher, Bernhard, 1954- (Editor)
Format: Book
Language:German
PhysicalDescription:vii, 783 s. 24 cm
Published: Hildeshiem Olms-Weidmann 2008
ISBN:9783487134543
ISSN:1430-8320
Series:Historia scientiarum. Fachgebiet Mathematik und Naturwissenschaften
Subjects:

MARC

LEADER 00000nam a2200000 a 4500
001 vtls009464212
003 SK-MaSNL
005 20260301082013.0
008 240318s2008 gw g 000 0 ger
020 |a 9783487134543  |q (viaz.) 
040 |a SNK  |b slo  |c SNK  |e AACR2 
041 0 |a ger 
044 |a gw  |a sz  |a xxu  |c DE  |c CH  |c US 
072 7 |a 55  |x Vedy o Zemi. Geologické vedy  |2 konspekt 
080 |a 55  |2 2001 
080 |a 56  |2 2001 
080 |a (081)  |2 2001 
080 |a 091.07  |2 2001 
100 1 |a Buch, Leopold von,  |d 1774-1853  |4 aut  |9 406208 
245 1 0 |a Gesammelte Schriften  |c Leopold von Buch ; herausgegeben von Bernhard Fritscher  |n 2. Band 
260 |a Hildeshiem  |b Olms-Weidmann  |c 2008 
300 |a vii, 783 s.  |c 24 cm 
490 1 |a Historia scientiarum. Fachgebiet Mathematik und Naturwissenschaften  |x 1430-8320 
500 |a Faksimile vyd., Berlin, 1870 
650 0 7 |a geológia  |2 SNKPH  |9 167377 
650 0 7 |a paleontológia  |2 SNKPH  |9 50721 
655 7 |a zborníky  |2 SNKPH  |9 70165 
655 7 |a faksimile  |2 SNKPH  |9 70487 
700 1 |a Fritscher, Bernhard,  |d 1954-  |4 edt  |9 406209 
830 0 |a Historia scientiarum. Fachgebiet Mathematik und Naturwissenschaften  |9 406210 
919 |a 978-3-487-13454-3 
999 |c 657409  |d 659339 
952 |a SNK  |b SNK  |y VYP  |7 0  |p 17A0610231  |o snkIC 137115/2  |i snk2009/1748  |8 2  |g 168.00  |0 0  |1 0  |4 0  |d 2009-01-22  |l 0  |r 2026-02-23 18:42:27  |w 2026-02-23